Paroles de chanson : Céline Dion - D'amour ou D'amitié - Statistiques

Statistiques générales
  • Ce quiz a été pris 796 fois
  • Le résultat moyen est 288 sur 327
Statistiques - réponses
Réponse % Correct
à
100%
a
100%
d'
100%
s'
100%
j'
99%
l'
99%
n'
99%
99%
ou
99%
amour
98%
Il
98%
il
98%
je
98%
Je
98%
ne
98%
pas
98%
sa
98%
amitié
97%
de
97%
sais
97%
ai
96%
comme
96%
est
96%
me
96%
moi
96%
Moi
96%
Et
95%
et
95%
ma
95%
qu'
95%
se
95%
aime
94%
comment
94%
Si
94%
si
94%
le
93%
lui
93%
Lui
93%
pour
93%
vie
93%
en
91%
une
91%
aimer
90%
on
90%
On
90%
parle
90%
veut
90%
l'a
89%
près
89%
suis
88%
sens
87%
histoire
86%
même
86%
Même
86%
pourtant
86%
que
86%
ce
84%
ses
84%
air
83%
des
83%
offrir
83%
quand
83%
mais
82%
Mais
82%
entre
81%
mon
81%
pense
81%
peut
81%
vois
81%
autre
80%
coeur
80%
peux
80%
seul
80%
bien
79%
décider
79%
fait
79%
filles
79%
grand
78%
hésiter
78%
les
78%
parler
78%
son
78%
tous
78%
trop
78%
voit
78%
autres
77%
océan
77%
plein
76%
vient
76%
chercher
75%
choses
75%
du
75%
bras
74%
dans
74%
elles
74%
dirait
73%
dit
73%
ni
73%
plus
73%
sourire
72%
projets
70%
île
69%
tout
69%
vues
69%
chemin
68%
rêve
67%
compte
66%
ment
66%
oui
66%
crois
65%
donner
64%
part
64%
sait
64%
phrases
63%
veulent
63%
quelque
62%
aujourd'hui
60%
dire
54%
Rien
51%
sont
51%
temps
50%
passer
47%
long
45%
nuits
45%
paraît
42%
tristes
42%
appris
41%
vouloir
37%
attendre
36%
gagner
26%
Aucun quiz correspondant
Distribution des résultats
% des personnes avec chaque résultat
Percentile par nombre de réponses
Votre historique - résultats
Vous n’avez pas pris ce quiz